Statistics for Zemlje Sjeverne Amerike

Click here to take the quiz!

General Stats

  • This quiz has been taken 333 times
    (331 since last reset)
  • The average score is 13 of 23

Answers on the Map

Answers color-coded by a green-red scale on the quiz's map according to % correct below.
 

Answer Stats

Zemlje% Correct
Kanada
98%
Meksiko
93%
Američke Države
87%
Kuba
80%
Panama
72%
Dominikanska Republika
66%
Dominika
59%
Honduras
59%
Jamajka
58%
Kostarika
58%
Haiti
54%
Bahami
53%
El Salvador
50%
Gvatemala
50%
Nikaragva
49%
Belize
46%
Sveta Lucija
44%
Barbados
42%
Trinidad i Tobago
33%
Grenada
32%
Antigva i Barbuda
27%
Sveti Kristofor
i Nevis
22%
Sveti Vincent i
Grenadini
19%

Score Distribution

Percentile by Number Answered

Percent of People with Each Score

Your Score History

You have not taken this quiz since the last reset